000 01647nam a2200373 c 4500
003 BLK
005 20180420220700.0
008 180408b bul|||||r ||||||| ||bul||
010 _aKNG00036482000
020 _a954-86-67-16-9
_bиздат.: Витраж
040 _aBLK
041 _aBUL
_cBUL
080 _aХудожествени метални изделия - Щамповани, ковани и изляти художествени метални изделия
_b739.4
_x.034(497.2)
_z739.4.034(497.2)
100 1 _aКовачева-Костадинова, Вяра
_eпърви автор
_9273244
700 1 _aКовачева, Вяра Ас.
_e*
_9273245
139 _aКовачева, Вяра Ас.
_bК 72
245 1 0 _aМежду Изтока и Запада
_bИзкуството на павурджиите ХVІІІ-ХІХ в.
_cВяра Ковачева-Костадинова; * Вяра Ас. Ковачева.
257 _aBGR
260 София
_bВитраж
_c2000
_fСофия : Ники прес
300 _a113 с.
_bсъс сн.
_c21 см
380 _a7
500 _aАвт. известна като Вяра Ас. Ковачева. - Библиогр. с.111-112
504 _a111-112
650 4 _aПриложно и декоративно изкуство - България
_9247366
650 4 _aЗанаятчийство - България - история
_9254890
653 _aзанаяти
653 _aБългария
653 _aистория
852 _aЦб 208752
856 4 _qpdf
_u
856 4 _qpdf
_u
942 _cKNG
_n0
944 _aCR
_c19.05.2003
_kИрена_Линкова
944 _aED
_c31.05.2012
_k
999 _c33790
_d33790